Tomorrow's energy : (Record no. 330506)

000 -LEADER
fixed length control field 01210cam a2200313 a 4500
001 - CONTROL NUMBER
control field 16927388
003 - CONTROL NUMBER IDENTIFIER
control field NUST
005 - DATE AND TIME OF LATEST TRANSACTION
control field 20170718133352.0
008 - FIXED-LENGTH DATA ELEMENTS--GENERAL INFORMATION
fixed length control field 110819s2012 maua b 001 0 eng
010 ## - LIBRARY OF CONGRESS CONTROL NUMBER
LC control number 2011030564
016 7# - NATIONAL BIBLIOGRAPHIC AGENCY CONTROL NUMBER
Record control number 015990934
Source Uk
020 ## - INTERNATIONAL STANDARD BOOK NUMBER
International Standard Book Number 9780262516952 (pbk.)
020 ## - INTERNATIONAL STANDARD BOOK NUMBER
International Standard Book Number 0262516950 (pbk.)
035 ## - SYSTEM CONTROL NUMBER
System control number (OCoLC)ocn751780324
040 ## - CATALOGING SOURCE
Original cataloging agency DLC
Transcribing agency DLC
Modifying agency YDX
-- UKMGB
-- YDXCP
-- BDX
-- DLC
042 ## - AUTHENTICATION CODE
Authentication code pcc
050 00 - LIBRARY OF CONGRESS CALL NUMBER
Classification number TP359.H8
Item number H633 2012
082 00 - DEWEY DECIMAL CLASSIFICATION NUMBER
Classification number 621.042 HOF
Edition number 23
100 1# - MAIN ENTRY--PERSONAL NAME
Personal name Hoffmann, Peter,
Dates associated with a name 1935-
9 (RLIN) 3376
245 10 - TITLE STATEMENT
Title Tomorrow's energy :
Remainder of title hydrogen, fuel cells, and the prospects for a cleaner planet /
Statement of responsibility, etc. Peter Hoffmann ; foreword by Senator Byron L. Dorgan.
250 ## - EDITION STATEMENT
Edition statement Rev. and expanded ed.
260 ## - PUBLICATION, DISTRIBUTION, ETC.
Place of publication, distribution, etc. Cambridge, Mass. :
Name of publisher, distributor, etc. MIT Press,
Date of publication, distribution, etc. c2012.
300 ## - PHYSICAL DESCRIPTION
Extent xii, 367 p. :
Other physical details ill. ;
Dimensions 23 cm.
500 ## - GENERAL NOTE
General note P.B
504 ## - BIBLIOGRAPHY, ETC. NOTE
Bibliography, etc. note Includes bibliographical references (p. [311]-330) and index.
650 #0 - SUBJECT ADDED ENTRY--TOPICAL TERM
Topical term or geographic name entry element Hydrogen as fuel.
9 (RLIN) 3377
700 1# - ADDED ENTRY--PERSONAL NAME
Personal name Dorgan, Byron L.
9 (RLIN) 3378
906 ## - LOCAL DATA ELEMENT F, LDF (RLIN)
a 7
b cbc
c orignew
d 1
e ecip
f 20
g y-gencatlg
942 ## - ADDED ENTRY ELEMENTS (KOHA)
Source of classification or shelving scheme
Koha item type Book
Call number prefix IESE
Holdings
Withdrawn status Lost status Source of classification or shelving scheme Damaged status Not for loan Collection code Permanent Location Current Location Shelving location Date acquired Total Checkouts Full call number Barcode Date last seen Price effective from Koha item type
            Institute of Environmental Science and Engineering (IESE) Institute of Environmental Science and Engineering (IESE) General Stacks 07/18/2017   621.042 HOF IESE-2649 07/18/2017 07/18/2017 Book
© 2023 Central Library, National University of Sciences and Technology. All Rights Reserved.